000 00243nam a22001097a 4500
082 _a920
_bH&C/W
245 _aWORLD FAMOUS WRITERS
260 _aTHRISSUR
_bH&C PUBLISHING HOUSE
300 _a50
650 _aFAMOUS WRITERS
_zTHRISSUR
942 _cBK
999 _c6396
_d6396